| 000 | 00565nam a2200217Ia 4500 | ||
|---|---|---|---|
| 999 |
_c45310 _d45310 |
||
| 001 | 12134 | ||
| 003 | GE_BSU | ||
| 005 | 20221118160511.0 | ||
| 008 | 181216s2013en xx |||||||||||||| ||eng|| | ||
| 020 | _a9781845936600x | ||
| 040 | _cGE_BSU | ||
| 041 | _aeng | ||
| 080 | _a338.48 C-74 | ||
| 100 |
_aConnell,John. _915935 |
||
| 245 |
_aMedical Tourism / _cJohn Connell. |
||
| 264 |
_aWallingford, _c2013. |
||
| 300 |
_a209 p.: _b24 cm; _cill. |
||
| 653 | _aMedical Tourism. | ||
| 653 | _aსამედიცინო ტურიზმი. | ||
| 942 |
_cBK _2udc |
||